000 00471nam a2200169 a 4500
005 20240924065158.0
008 991125s1972 mos 000 0 spa u
035 _aUPN01000018469
049 _aCG
050 4 _aLA830
_bE398
245 0 0 _aEducation in the USSR /
_cN. P. Kuzin ... [et al] ; tr. Fainna Glagoleva.
260 _aMoscú :
_bProgreso,
_c1972.
300 _a147 p.
650 4 _aEducación
_zRusia
_913698
700 1 _aKuzin, N. P.,
_ecoaut.
905 _aLibro
999 _c18469
_d18469